000 01234nam0a22003131 4500
001 rc\3437293
005 20250610003759.0
021 _aRU
_b[72-94569]
035 _a(NLR Aleph) 007588599
090 _a5586419
_c5586419
100 _a20130115d1972 |||y0rusy50 ca
101 0 _arus
102 _aRU
105 _aa z |||||
200 1 _aКинематическая теория рентгеновского переходного излучения в кристалле
210 _aЕреван
_cБ. и.
_d1972
215 _a11 с.
_cчерт.
_d20
225 1 _aЕреванский физический институт. [Научные сообщения]
_vЕФИ-1 (72)
320 _aСписок лит. в конце книги (5 назв.)
606 _aРентгеновские лучи
_xРегистрация
_2psbo
606 _aПереходное излучение
_xХарактеристики
_2psbo
700 1 _4070
_7ca
_8rus
_aГарибян
_bГ. М.
_f1924-1991
_gГригорий Маркарович
_92641442
_3RU\NLR\AUTH\770272995
701 0 _aЯн Ши
801 0 _aRU
_bNLR
_gpsbo
801 1 _aRU
_bELAR
_2rusmarc
852 _aNLR
_jП7/1433
942 _cBOOK
980 _aNB